Functional analysis
保存先:
| 第一著者: | |
|---|---|
| フォーマット: | 図書 |
| 言語: | Undetermined |
| 出版事項: |
New York
McGraw-Hill
1991
|
| 主題: | |
| タグ: |
タグ追加
タグなし, このレコードへの初めてのタグを付けませんか!
|
| Thư viện lưu trữ: | Trung tâm Học liệu Trường Đại học Cần Thơ |
|---|
| LEADER | 00669nam a2200217Ia 4500 | ||
|---|---|---|---|
| 001 | CTU_22726 | ||
| 008 | 210402s9999 xx 000 0 und d | ||
| 020 | |b 102.5df | ||
| 082 | |a 515.7 | ||
| 082 | |b R916 | ||
| 100 | |a Walter Rudin | ||
| 245 | 0 | |a Functional analysis | |
| 245 | 0 | |c Walter Rudin | |
| 260 | |a New York | ||
| 260 | |b McGraw-Hill | ||
| 260 | |c 1991 | ||
| 526 | |a Phổ của toán tử tuyến tính trong lý thuyết xác suất,Lý thuyết xác suất,Giải tích hàm | ||
| 526 | |b TNT611,TNT607,TN627 | ||
| 650 | |a functional analysis | ||
| 904 | |i Minh, 980604 | ||
| 980 | |a Trung tâm Học liệu Trường Đại học Cần Thơ | ||